A forensic study of an exception to the rule (Record no. 82217)

MARC details
000 -LEADER
fixed length control field 01090cab a22002415a 4500
001 - CONTROL NUMBER
control field L149588
008 - FIXED-LENGTH DATA ELEMENTS--GENERAL INFORMATION
fixed length control field 100323e20100313xxk 000 0 eng d
035 ## - SYSTEM CONTROL NUMBER
System control number (Sirsi) u149588
041 0# - LANGUAGE CODE
Language code of text/sound track or separate title eng
100 1# - MAIN ENTRY--PERSONAL NAME
Personal name Ward, Martin
245 02 - TITLE STATEMENT
Title A forensic study of an exception to the rule
260 ## - PUBLICATION, DISTRIBUTION, ETC.
Date of publication, distribution, etc. 2010
490 ## - SERIES STATEMENT
Series statement Estates Gazette
Volume/sequential designation (1010) 13 March 2010, 110-111(2)
520 ## - SUMMARY, ETC.
Summary, etc. Examines the financial aspects of the determent rate in "Zuckerman v Trustees of Calthorpe Estates" [2009] UKUT 235 (LC) (L149182). Refers to real growth, deterioration, volatility risk, additional to premium and risk free rate. Compares "Zuckerman" approach with guidelines set down in "Sportelli".
590 ## - LOCAL NOTE (RLIN)
Local note KA
650 24 - SUBJECT ADDED ENTRY--TOPICAL TERM
Topical term or geographic name entry element EARL CADOGAN V SPORTELLI
650 24 - SUBJECT ADDED ENTRY--TOPICAL TERM
Topical term or geographic name entry element ZUCKERMAN V TRUSTEES OF CALTHOPE ESTATE
650 24 - SUBJECT ADDED ENTRY--TOPICAL TERM
Topical term or geographic name entry element CULLEY V DAEJAN PROPERTIES LTD
650 24 - SUBJECT ADDED ENTRY--TOPICAL TERM
Topical term or geographic name entry element SERVICE CHARGES (CONSULTATION REQUIRMENTS) (ENGLAND) REGULATIONS 2003
651 #4 - SUBJECT ADDED ENTRY--GEOGRAPHIC NAME
Geographic name ENGLAND
690 ## - LOCAL SUBJECT ADDED ENTRY--TOPICAL TERM (OCLC, RLIN)
Topical term or geographic name as entry element RESIDENTIAL PROPERTY-RESIDENTIAL LANDLORD AND TENANT-RESIDENTIAL LEASES-RESIDENTIAL LEASEHOLD ENFRANCHISEMENT
942 ## - ADDED ENTRY ELEMENTS (KOHA)
Suppress in OPAC 0
Holdings
Withdrawn status Lost status Source of classification or shelving scheme Damaged status Not for loan Home library Current library Shelving location Date acquired Total Checkouts Full call number Barcode Date last seen Copy number Price effective from Koha item type
    Dewey Decimal Classification     London London Journal article 23/03/2010   L149588 149588-1001 06/08/2019 1 06/08/2019 Journal article